Przetłumacz państwa z rumuńskiego na polski - Statystyki

Ogólne statystyki
  • Ten quiz został rozwiązany 31 razy
  • Średni wynik to 19 z 21
Statystyki odpowiedzi
Rumuński Polski % Poprawnych
Cehia Czechy
100%
Filipine Filipiny
100%
Islanda Islandia
100%
Yemen Jemen
100%
Malaezia Malezja
100%
Noua Zeelandă Nowa Zelandia
100%
Polonia Polska
100%
România Rumunia
100%
Statele Unite Stany Zjednoczone
100%
Tadjikistan Tadżykistan
100%
Emiratele Arabe Unite Zjednoczone Emiraty Arabskie
100%
Republica Centrafricană Republika Środkowoafrykańska
93%
Ungaria Węgry
93%
Kârgâzstan Kirgistan
90%
Olanda Holandia
83%
Sfântul Cristofor și Nevis Saint Kitts i Nevis
83%
Letonia Łotwa
79%
Birmania Mjanma
79%
Regatul Unit Wielka Brytania
79%
Coasta de Fildeș Wybrzeże Kości Słoniowej
69%
Elveția Szwajcaria
55%
Nie znaleziono quizów pasujących do podanych kryteriów
Rozkład punktacji
Procent ludzi z każdym wynikiem
Percentyl według liczby udzielonych odpowiedzi
Twoja historia wyników
Nie rozwiązałeś tego quizu